000 00328nam a2200133Ia 4500
008 151001s9999||||xx |||||||||||||| ||und||
100 _aना सी फडके
245 _aदौलत
250 _a1
260 _bअंजली प्रकाशन पुणे
260 _c1955
300 _a320
365 _b7.5
999 _c950394
_d950391